| 000 | 01659cad a22002415a 4500 | ||
|---|---|---|---|
| 001 | L151990 | ||
| 008 | 110118s20110118xxkd f s f000 0 eng d | ||
| 035 | _a(Sirsi) u151990 | ||
| 041 | 0 | _aeng | |
| 050 | 0 | 4 | _a333.33 $2 18 |
| 110 | 1 |
_aUnited Kingdom _bDepartment for Communities and Local Government _94939 |
|
| 245 | 0 | 0 |
_aHouse price index _bNovember 2010 _h[electronic resource] |
| 260 |
_aLondon _bDCLG _c2011 |
||
| 490 | 0 |
_aDCLG House Price Index _vNovember 2010 |
|
| 520 | _aUK house prices rose by 4% since November 2009 and fell by 0.1% since September 2010. The mix-adjusted average house price was £208 585 in November 2010 (not seasonally adjusted). UK house prices fell by 0.6% in the quarter ending November 2010 compared with a rise of 0.9% in the quarter ending August 2010 (seasonally adjusted). Annual average house prices rose by 4.7% in England and 3% in Wales but fell in Northern Ireland by 11.3% and by 2.4% in Scotland. Annual average house prices paid by first time buyers in November 2010 were 2.4% higher than a year ago. By comparison average house prices paid by former owner occupiers were 4.6% higher. Annual average house prices paid for new properties in November 2010 were 8.9% higher than a year ago. By comparison average house prices paid on pre-owned dwellings were 3.7%. | ||
| 521 | _aAdvanced | ||
| 590 | _aKA NTK | ||
| 650 | 2 | 4 | _aDCLG HOUSE PRICE INDEX |
| 651 | 4 |
_aUnited Kingdom _y |
|
| 690 | _aPROPERTY-RESIDENTIAL PROPERTY-RESIDENTIAL PROPERTY MARKET | ||
| 856 | 4 | 0 |
_uhttps://www.communities.gov.uk/documents/statistics/pdf/1818608.pdf _zView this item free of charge at www.communities.gov.uk |
| 942 | _n0 | ||
| 999 |
_c111782 _d111782 |
||